Understanding physics (Record no. 15065)
[ view plain ]
| 000 -LEADER | |
|---|---|
| fixed length control field | 00733nam a2200253Ia 4500 |
| 003 - CONTROL NUMBER IDENTIFIER | |
| control field | IN-BaIIA |
| 008 - FIXED-LENGTH DATA ELEMENTS--GENERAL INFORMATION | |
| fixed length control field | 211028s9999 xx 000 0 eng d |
| 020 ## - INTERNATIONAL STANDARD BOOK NUMBER | |
| International Standard Book Number | 978-0-387-98756-9 |
| 040 ## - CATALOGING SOURCE | |
| Transcribing agency | IIA Library |
| 080 ## - UNIVERSAL DECIMAL CLASSIFICATION NUMBER | |
| Universal Decimal Classification number | 530.1 |
| Item number | CAS |
| 100 ## - MAIN ENTRY--PERSONAL NAME | |
| Personal name | Cassidy, David |
| 9 (RLIN) | 27432 |
| 245 #0 - TITLE STATEMENT | |
| Title | Understanding physics |
| Statement of responsibility, etc. | David. Cassidy |
| 260 ## - PUBLICATION, DISTRIBUTION, ETC. | |
| Place of publication, distribution, etc. | New York |
| Name of publisher, distributor, etc. | Springer-Verlag |
| Date of publication, distribution, etc. | 2002 |
| 300 ## - PHYSICAL DESCRIPTION | |
| Extent | xxiii, 851p. |
| 490 ## - SERIES STATEMENT | |
| Series statement | Undergraduate texts in contemporary physics |
| 650 ## - SUBJECT ADDED ENTRY--TOPICAL TERM | |
| Topical term or geographic name entry element | Einstein |
| 9 (RLIN) | 19993 |
| 650 ## - SUBJECT ADDED ENTRY--TOPICAL TERM | |
| Topical term or geographic name entry element | Motion matters |
| 9 (RLIN) | 27433 |
| 650 ## - SUBJECT ADDED ENTRY--TOPICAL TERM | |
| Topical term or geographic name entry element | Relativity theory |
| 9 (RLIN) | 9895 |
| 650 ## - SUBJECT ADDED ENTRY--TOPICAL TERM | |
| Topical term or geographic name entry element | Understanding motion |
| 9 (RLIN) | 27434 |
| 650 ## - SUBJECT ADDED ENTRY--TOPICAL TERM | |
| Topical term or geographic name entry element | Wave motion |
| 9 (RLIN) | 19727 |
| 700 ## - ADDED ENTRY--PERSONAL NAME | |
| Personal name | Holton, Gerald |
| 9 (RLIN) | 3081 |
| 700 ## - ADDED ENTRY--PERSONAL NAME | |
| Personal name | Rutherford, James |
| 9 (RLIN) | 27435 |
| 942 ## - ADDED ENTRY ELEMENTS (KOHA) | |
| Koha item type | Books |
| Withdrawn status | Lost status | Damaged status | Not for loan | Home library | Current library | Shelving location | Date acquired | Source of acquisition | Cost, normal purchase price | Total Checkouts | Full call number | Barcode | Date last seen | Cost, replacement price | Price effective from | Koha item type | Purchase Price |
|---|---|---|---|---|---|---|---|---|---|---|---|---|---|---|---|---|---|
| IIA Library-Bangalore | IIA Library-Bangalore | General Stacks | 06/05/2003 | EDS | 3555.56 | 530.1/ CAS | 15987 | 05/11/2021 | 3555.56 | 06/05/2003 | Books | Rs. 3555.56 |